Linear topological spaces

Պահպանված է:
Մատենագիտական մանրամասներ
Հիմնական հեղինակներ: Kelley, John L (Հեղինակ), Namioka, Isaac (Հեղինակ)
Ձևաչափ: Գիրք
Լեզու:անգլերեն
Հրապարակվել է: Princeton D. von Nostrand 1963
Շարք:The University Series in Higher Mathematics
Խորագրեր:
Ցուցիչներ: Ավելացրեք ցուցիչ
Չկան պիտակներ, Եղեք առաջինը, ով նշում է այս գրառումը!

MARC

LEADER 00000nam a2200000 a 4500
001 UCW1228
003 CL-VaPUC
008 911216e19630000US |||||||||||||||||eng|d
082 0 4 |a 514.31  |b KEL  |2 21 
100 |a Kelley, John L  |e author  |9 592077 
700 0 |a Namioka, Isaac  |e author  |9 305138 
245 1 0 |a Linear topological spaces 
300 |a 256 p 
942 |c BK 
945 |d 19911216 00:00:00 
260 |a Princeton  |b D. von Nostrand  |c 1963 
650 7 |a ESPACIOS LINEALES TOPOLOGICOS  |2 CL-VaPUC  |9 270629 
583 |a last modification  |c 20120529 12:17:02  |k Rodrigo Vera 
490 0 |a The University Series in Higher Mathematics 
999 |c 216147  |d 216145 
952 |0 0  |1 0  |4 0  |6 514_310000000000000_KEL_1963  |7 0  |8 A  |9 201635  |a BIBMAT  |b BIBMAT  |d 2019-11-14  |i 2688913  |o 514.31 KEL 1963  |p 2688913  |r 2025-01-07  |w 2019-11-14  |y BK  |k MAT 
952 |0 0  |1 0  |4 0  |6 514_310000000000000_KEL_1963  |7 0  |8 A  |9 201636  |a BIBMAT  |b BIBMAT  |d 2019-11-14  |i 1303643  |o 514.31 KEL 1963  |p 1303643  |r 2025-01-07  |w 2019-11-14  |y BK  |k MAT 
952 |0 0  |1 0  |4 0  |6 514_310000000000000_KEL_1963  |7 0  |8 A  |9 201637  |a BIBMAT  |b BIBMAT  |d 2019-11-14  |i 1318020  |o 514.31 KEL 1963  |p 1318020  |r 2025-01-07  |w 2019-11-14  |y BK  |k MAT